000 01373cam a2200133 4500500
005 20260405020730.0
041 _afre
042 _adc
100 1 0 _aMichaud, Yves
_eauthor
245 0 0 _aChangements dans la violence : Essai sur la bienveillance universelle et la peur
260 _bOdile Jacob,
_c2002.
520 _aTout est calme, tout va bien, et soudain l’intolérable surgit et avec lui la peur et la panique… L’irruption de la violence a toujours un air d’apocalypse. Et pourtant, elle a accompagné les hommes depuis les origines, elle est consubstantielle à l’histoire et il y a peu de chances qu’elle disparaisse. Car il y a en l’homme de la noirceur qu’il faut oser regarder en face. Celle de la cruauté et de la sauvagerie, celle du plaisir pris au meurtre d’autrui, celle, plus hypocrite, de la fascination pour le spectacle de la violence. Pourquoi alors nous scandalisons-nous devant les formes nouvelles de violence ? Pourquoi ce sentiment qu’il y a à la fois moins de violence et plus de violence, que le monde est plus facile à vivre et plus impitoyable, que la bienveillance est la loi universelle mais que la haine se porte mieux qu’elle, que la sécurité est un droit mais que la peur règne ?
856 4 1 _uhttps://shs.cairn.info/changements-dans-la-violence--9782738111357?lang=fr&redirect-ssocas=7080
999 _c2125144
_d2125144